[Event "ACL-E006"]
[Site "www.playchess.de"]
[Date "2001.01.31"]
[Round "8"]
[White "peze"]
[Black "player27"]
[WhiteElo "1889"]
[BlackElo "1699"]
[PlyCount "49"]
[Result "1-0"]

1.e4 {Hallo Andy! Auf ein schönes Spiel.}  d5 {ja 
schön, wir kennen uns doch- 1Partie bei 
Schachspiel und 1 hier- viel Spass  andy}  2.exd5 
Qxd5 3.Nc3 Qa5 { ; )}  4.d4 {Hallo Andy, spielst 
Du das öfter?}  Nf6 {früher öfter, aber nach 
einigen empfindlichen Niederlagen lasse ich mir es 
zeigen, wie richtig ; )}  5.Nf3 Ne4 {mit diesem 
Zug hat mich ein Gegner letztens "geärgert"}  
6.Bd2 {...wir werden sehen.}  Nxd2 {hatte ein 5-er 
Turnier in der A-League gew. und bin nun hier in 
"E" gelandet.}  7.Nxd2 {...Aufstieg ist die 
"Strafe" für einen Turniersieg. Hier sind schon 
starke Leute zugange. :-))}  c6 {wollte eigentl. 
noch ergänzen, dass im IN- Fernschach solche 
Klassen nicht von allzu grosser Bedeutu}  8.Nc4 
{...das ist teilw. auch richtig.}  Qc7 {...von 
allzu grosser Bedeutung sind. Dir glaube ich 
natürlich ; )}  9.Qf3 e6 {da hätte ich was für 
dich- www.freechess.de- Turniere unter prof. 
Bedingungen}  10.Bd3 {Danke für den Tip; ich 
schau' mal rein.}  Nd7 {absolute Top- Spieler 
dort! und kannst Turnierleiter spielen!}  11.O-O 
{Spielst Du auch dort?}  Nb6 {3 Turniere- es gibt 
keine verschlüsselte Kennungen, also richtige 
Turnier- Umgebung,}  12.Ne5 {Soweit ich das sehe, 
ist z.Zt. kein Turnier offen.}  Bd6 {Geduld- es 
geht hintereinander( Schweizer z. Z. nicht)}  
13.Qh5 g6 {shit, kann gar kein ACL-A Turnier mehr 
öffnen (: (  kein feiner Schachzug!}  14.Qg5 {Du 
mußt erst ein Spiel beendet haben.}  Nd7 {wo? bei 
"A"- mind.100 beendet. Hier beenden! und zwar 
verlieren! gg Gruhni  ; )}  15.Rfe1 {Hier in 
Klasse E mußt Du 1 Spiel beendet haben; sonst kein 
weiteres Turnier!}  h6 {JA, ich glaube dir auch 
diesmal!! Angenehme Woche!  andy}  16.Qf4 {Danke, 
ebenfalls. Gruß Peter}  Nxe5 17.dxe5 Be7 18.Ne4 f5 
{bist mir schon wieder viel zu dicht auf der 
Pelle}  19.Nd6+ {...auf ihn mit Gebrüll}  Kf8 
20.Qg3 g5 { : )}  21.Bc4 Kg7 22.Rad1 Rd8 { (}  
23.Rd2 b5 { )}  24.Be2 Bb7 { (}  
25.Red1 1-0

[Event "ACL-E006"]
[Site "www.playchess.de"]
[Date "2001.01.31"]
[Round "9"]
[White "player27"]
[Black "Gruhni"]
[WhiteElo "1699"]
[BlackElo "1406"]
[PlyCount "47"]
[Result "1-0"]

1.e4 {werde mal hier noch mitmischen *handshake* 
Viel Spass -andy}  e5 {Danke, dir auch!}  2.Nf3 
{hatten schon in der A-League zwei 
Duelle,schaun,ob hier wirklich mit härteren 
Bandagen gekämpft wird}  Nc6 {Von meiner Seite aus 
nicht ;-)}  3.Nc3 { ; )}  Bc5 4.Nxe5 { : )}  Nxe5 
5.d4 Bxd4 6.Qxd4 f6 7.f4 Nc6 8.Qd1 d6 9.Bc4 { : )} 
 Nge7 10.Be3 Ng6 11.Qd5 Qe7 12.Qh5 { ; )}  Kd8 
13.O-O-O a6 14.Qe2 Qe8 15.Rhe1 h5 16.h3 Nge7 17.e5 
{na dann wollen wir mal zur Attacke blasen}  fxe5 
{...und das kann böse für mich enden.}  18.fxe5 
{na mal schaun}  Nxe5 19.Bg5 { )}  Bd7 20.Nd5 { )} 
 N5c6 {(}  21.Nxe7 { )}  Nxe7 {Komisch! Wollte 
eigentlich c6 statt Nc6 spielen, hätte aber auch 
nicht mehr viel gebracht :-(}  22.Qxe7+ {auch 
danach würde es auf e7 einschlagen : ) ist aber 
alles halb so schlimm}  Qxe7 {Stimmt! Die zentrale 
Königsstellung bzw. die nicht machbare Rochade 
haben mir das Genick gebrochen.}  23.Rxe7 {in der 
Eröffnung ging es ein wenig turbulent zu, muss ich 
noch analysieren}  Kc8 {Naja, ich denke ich muß 
die Anzahl der Spiele, die ich parallel spiele, 
zurückschrauben ;)}  24.Rf1 {nicht nur du!!} 
 1-0

[Event "HCL-B149"]
[Site "www.playchess.de"]
[Date "2001.01.31"]
[Round "5"]
[White "iq160"]
[Black "Capablancanot"]
[WhiteElo "998"]
[BlackElo "1200"]
[PlyCount "58"]
[Result "0-1"]

1.e4 c5 {Have a fun Game!}  2.Nf3 e6 3.d4 cxd4 
4.Nxd4 Nc6 5.Nb5 d6 6.Bf4 e5 7.Be3 Nf6 8.Bg5 h6 
9.Bxf6 gxf6 10.Nd2 a6 11.Nc3 Rg8 12.Nd5 Be6 13.c3 
f5 14.Qf3 Bxd5 15.exd5 Ne7 16.Nc4 b5 17.Ne3 e4 
18.Qd1 f4 19.Ng4 Bg7 20.f3 e3 21.h3 f5 22.Nh2 Rc8 
23.Bd3 Rxc3 24.bxc3 {how could I be so naive to 
believe that you wouldn't see19...Nf6 checkmate}  
Bxc3+ {I have been rude. I am sorry. I am new on 
this site. I almost fell for it actually.}  25.Kf1 
{I'm toast}  Bxa1 {I think so. The e3 pawn 
presents many problems after you take the Bishop.} 
 26.Qxa1 {I try to do my best}  Nxd5 {By all 
means. I have lost many games like this one. I am 
a beginner still. So I make foolish mistake}  
27.Qb2 {read my annotated game against player 
about weak f2 now it happened 2me...}  Qh4 {What 
was the game number? I will read it. It happens to 
us all.}  28.Qe2 {ACL-A083-16, sicilian 
dragon/löwenfisch player-iq160 in annotated games 
section}  Nc3 {I read it. You really took care of 
him. The way your pieces worked with that pawn was 
great!!}  29.Qc2 {think so. But my position here 
sucks}  a5 {You are holding so far. But I will now 
shift to the Queen side.}  0-1

[Event "HCL-C156"]
[Site "www.playchess.de"]
[Date "2001.01.31"]
[Round "4"]
[White "lsoule"]
[Black "Michael_Schenk"]
[WhiteElo "597"]
[BlackElo "1110"]
[PlyCount "73"]
[Result "1-0"]

1.e4 c5 2.Nf3 Nc6 3.d4 cxd4 4.Nxd4 Nf6 5.Nc3 d6 
6.Be2 e6 7.Be3 Be7 8.Qd2 a6 9.O-O-O O-O 10.Rhe1 h6 
11.f4 Re8 12.g4 e5 13.fxe5 dxe5 14.Nxc6 Qxd2+ 
15.Bxd2 bxc6 16.Reg1 g5 17.h3 Bb7 18.Be3 c5 19.h4 
Nxe4 20.Nxe4 Bxe4 21.hxg5 Bxg5 22.Bxg5 hxg5 23.Bc4 
Kf8 24.Bd5 Bxd5 25.Rxd5 Rac8 26.Re1 f6 27.Rd6 Kf7 
28.Rxa6 Re6 29.Rxe6 Kxe6 30.Kb1 Rd8 31.c3 Kd5 
32.Rd1+ Ke4 33.Rxd8 f5 34.gxf5 Kxf5 35.a4 g4 
36.Rg8 Kf4 37.a5 1-0

[Event "HCL-C156"]
[Site "www.playchess.de"]
[Date "2001.01.31"]
[Round "11"]
[White "lsoule"]
[Black "Allesnehmer"]
[WhiteElo "597"]
[BlackElo "1631"]
[PlyCount "46"]
[Result "0-1"]

1.e4 c5 2.Nf3 d6 3.d4 cxd4 4.Nxd4 Nf6 5.Nc3 a6 
6.Bg5 e6 7.f4 Be7 8.Qf3 Qc7 9.Bd3 Nbd7 10.O-O-O b5 
11.g3 Bb7 12.Rhe1 h6 13.Bxf6 Bxf6 14.Bf1 O-O 
15.Bh3 Rfe8 16.Kb1 b4 17.Nce2 Rac8 18.Rdc1 Nc5 
19.f5 e5 20.Nb3 Bxe4 21.Qg4 Nxb3 22.axb3 Bxc2+ 
23.Ka1 Qa5+ 0-1

[Event "HCL-C156"]
[Site "www.playchess.de"]
[Date "2001.01.31"]
[Round "14"]
[White "Allesnehmer"]
[Black "Michael_Schenk"]
[WhiteElo "1631"]
[BlackElo "1110"]
[PlyCount "49"]
[Result "1-0"]

1.e4 c5 {Gruesse aus Hamburg. Viel Spass!}  2.Nf3 
{wünsch dir viel erfolg}  Nc6 3.d4 cxd4 4.Nxd4 Nf6 
5.Nc3 d6 6.Bg5 e6 7.Qd2 Be7 8.O-O-O O-O 9.f4 Nxd4 
10.Qxd4 Qa5 11.Bc4 Bd7 12.e5 dxe5 13.fxe5 Bc6 
14.Bd2 Rfd8 15.Nd5 Qc5 16.Nxe7+ Qxe7 17.Qh4 Nd5 
18.Bg5 f6 19.exf6 Nxf6 20.Rdf1 Bxg2 21.Bxf6 gxf6 
22.Rhg1 Qg7 23.Rf2 Qg5+ 24.Qxg5+ fxg5 
25.Rgxg2 1-0

[Event "HCL-B150"]
[Site "www.playchess.de"]
[Date "2001.01.31"]
[Round "7"]
[White "liero"]
[Black "Fabian"]
[WhiteElo "1199"]
[BlackElo "1200"]
[PlyCount "46"]
[Result "0-1"]

1.e4 e5 2.d3 Nf6 3.Nf3 Nc6 4.Be2 Bb4+ 5.Bd2 Bxd2+ 
6.Qxd2 d6 7.O-O O-O 8.c4 Bg4 9.Nc3 Bxf3 10.Bxf3 
Nd4 11.Qd1 c6 12.a3 a5 13.g3 Nxf3+ 14.Qxf3 Rb8 
15.b4 axb4 16.axb4 Ra8 17.c5 dxc5 18.bxc5 Rxa1 
19.Rxa1 Qd4 20.Rc1 Qxc5 21.Qd1 Qd6 22.Ne2 Rd8 
23.Rc3 Nxe4 0-1

[Event "HCL-C156"]
[Site "www.playchess.de"]
[Date "2001.01.31"]
[Round "21"]
[White "Allesnehmer"]
[Black "exoticorn"]
[WhiteElo "1631"]
[BlackElo "1157"]
[PlyCount "27"]
[Result "1-0"]

1.e4 e5 2.Nf3 Nc6 3.Bb5 a6 4.Ba4 b5 5.Bb3 Bb7 
6.O-O Bc5 7.c3 Nf6 8.d4 exd4 9.cxd4 Bb6 10.Nc3 O-O 
11.e5 Ng4 12.Ng5 Nh6 13.Qd3 Nxd4 
14.Qxh7+ 1-0

[Event "HCL-A069"]
[Site "www.playchess.de"]
[Date "2001.01.31"]
[Round "3"]
[White "paule"]
[Black "peze"]
[WhiteElo "1910"]
[BlackElo "1939"]
[PlyCount "40"]
[Result "0-1"]

1.e4 {Hello!! Continuation of basic dispute? :)}  
e5 {:-)) Hi! With pleasure. Petrov(ff) / Russian 
Defence!}  2.Nf3 {If I to not find antidote, I 
shall play 1.h1!:)}  Nf6 {:-)) better is 1. a1!!}  
3.Nxe5 {Choice of debut repertoir - heavy piece.}  
d6 4.Nf3 Nxe4 5.d4 d5 6.Bd3 Bd6 7.O-O Bg4 8.Re1 f5 
9.h3 Bh5 {...the game is on. :-))}  10.c3 {:)}  
O-O 11.Nbd2 Nd7 12.Qb3 Kh8 13.a4 a5 14.Qxb7 {Risk 
- noble business! My forecast - difficult ending 
with your material overweight.}  Nec5 {Exactly! 
The pawn b7 was poisoned. But "no risk - no fun" 
:-)}  15.dxc5 {:)}  Nxc5 16.Qb5 Rb8 17.Qxa5 Nxd3 
18.Rd1 Bc5 19.Rf1 {Brilliant move! I have 
underestimated its force (I analyzed Bf4)}  Qd6 
{Thank you for compliment! :-))}  20.c4 
Rfe8 0-1

[Event "HCL-A069"]
[Site "www.playchess.de"]
[Date "2001.01.31"]
[Round "5"]
[White "Matti"]
[Black "paule"]
[WhiteElo "1677"]
[BlackElo "1910"]
[PlyCount "42"]
[Result "0-1"]

1.d4 {I wish you a good game!}  c5 {Thank you. U 
2!}  2.d5 e5 3.e4 d6 4.c4 Be7 5.Nc3 Bg5 6.Nf3 Bxc1 
7.Rxc1 Ne7 8.Bd3 O-O 9.O-O a6 10.a3 Bg4 11.h3 Bh5 
12.Be2 Nd7 13.Nh2 Bg6 14.Bg4 b6 15.f4 f5 16.exf5 
Nxf5 17.Bxf5 Rxf5 18.Qg4 exf4 {Sorry...Very 
interesting position...}  19.Rxf4 Ne5 20.Qg3 Rxf4 
21.Qxf4 Nd3 0-1

[Event "HCL-A069"]
[Site "www.playchess.de"]
[Date "2001.01.31"]
[Round "8"]
[White "paule"]
[Black "kondor"]
[WhiteElo "1910"]
[BlackElo "1622"]
[PlyCount "37"]
[Result "1-0"]

1.e4 e5 2.Nf3 Nc6 3.Bb5 Be7 4.O-O Nf6 5.Re1 d6 
6.c3 O-O 7.d4 Bd7 8.h3 Re8 9.Nbd2 Bf8 10.Bc4 exd4 
11.cxd4 d5 12.Bb3 dxe4 13.Bxf7+ Kxf7 14.Qb3+ Kg6 
15.Nh4+ Kh5 16.Nxe4 Rxe4 17.Rxe4 g5 18.Qf7+ Kh6 
19.Nf5+ 1-0

[Event "HCL-A068"]
[Site "www.playchess.de"]
[Date "2001.01.31"]
[Round "11"]
[White "paule"]
[Black "kondor"]
[WhiteElo "1910"]
[BlackElo "1622"]
[PlyCount "33"]
[Result "1-0"]

1.e4 e5 2.Nf3 Nc6 3.Bb5 d6 4.d4 exd4 5.Qxd4 Bd7 
6.Bxc6 Bxc6 7.Nc3 Nf6 8.Bg5 Be7 9.O-O-O O-O 10.h4 
h6 11.Nd5 hxg5 12.Nxe7+ Qxe7 13.hxg5 Nxe4 14.Rh5 
Qe6 15.Rdh1 f5 16.Ne5 dxe5 17.g6 1-0

[Event "HCL-A069"]
[Site "www.playchess.de"]
[Date "2001.01.31"]
[Round "12"]
[White "Belka"]
[Black "paule"]
[WhiteElo "1736"]
[BlackElo "1910"]
[PlyCount "38"]
[Result "0-1"]

1.g3 e5 2.Bg2 Nc6 3.e4 Bc5 4.Ne2 Nf6 5.c3 d5 6.b4 
Bb6 7.exd5 Nxd5 8.Ba3 Bg4 9.O-O Nf4 10.gxf4 Qd3 
11.Re1 O-O-O 12.b5 Na5 13.Bb4 Nc4 14.a4 exf4 15.a5 
Bxf2+ 16.Kxf2 Ne3 17.Qa4 Nxg2 18.Kxg2 Rhe8 19.Na3 
Rxe2+ 0-1

[Event "HCL-A069"]
[Site "www.playchess.de"]
[Date "2001.01.31"]
[Round "14"]
[White "Belka"]
[Black "Matti"]
[WhiteElo "1736"]
[BlackElo "1677"]
[PlyCount "29"]
[Result "1-0"]

1.e4 c5 2.Nc3 e6 3.g3 Nc6 4.Bg2 Nge7 5.Nge2 d5 
6.exd5 Nxd5 7.Nxd5 exd5 8.d4 Be6 9.O-O c4 10.Nf4 
Qf6 11.Bxd5 Bd6 12.Bxe6 Bxf4 13.Bxf4 fxe6 14.Qh5+ 
g6 15.Qc5 1-0

[Event "HCL-C161"]
[Site "www.playchess.de"]
[Date "2001.01.31"]
[Round "6"]
[White "Translightor"]
[Black "dg"]
[WhiteElo "1280"]
[BlackElo "1148"]
[PlyCount "49"]
[Result "1-0"]

1.e4 {Hello once again! The score is 1:1. Who will 
win this time?}  e5 2.f4 Nc6 3.Nf3 d6 4.Bb5 Bd7 
5.d3 f6 6.O-O Bg4 7.h3 Bh5 8.fxe5 fxe5 9.Nc3 Qd7 
10.Bg5 a6 11.Ba4 b5 12.Bb3 Be7 13.Be3 Nf6 14.Qd2 
d5 15.Nxd5 O-O-O 16.Nxe7+ Nxe7 17.Nxe5 Qe8 18.Qa5 
Nc6 19.Qxa6+ Kb8 20.Nxc6+ Qxc6 21.Qxc6 Rd6 
22.Qxb5+ Kc8 23.e5 Be8 24.Qa5 Re6 
25.Bxe6+ 1-0

[Event "ACL-A081"]
[Site "www.playchess.de"]
[Date "2001.01.31"]
[Round "13"]
[White "Morpheus"]
[Black "Player"]
[WhiteElo "1364"]
[BlackElo "1746"]
[PlyCount "30"]
[Result "1/2-1/2"]

1.e4 c5 2.c3 e6 3.d4 d5 4.exd5 exd5 5.Bb5+ Nc6 
6.Nf3 Bd6 7.O-O Nf6 8.Re1+ Be6 9.Ne5 Qb6 10.Qa4 
Bxe5 11.dxe5 Nd7 12.Bxc6 Qxc6 13.Qxc6 bxc6 14.f4 
Ke7 15.b3 f6 1/2-1/2

[Event "ACL-A083"]
[Site "www.playchess.de"]
[Date "2001.01.31"]
[Round "7"]
[White "Mother_Teresa"]
[Black "iq160"]
[WhiteElo "1505"]
[BlackElo "1676"]
[PlyCount "40"]
[Result "1/2-1/2"]

1.e4 c5 2.Nf3 d6 3.Bc4 Nf6 4.Nc3 e6 5.O-O Be7 6.d3 
d5 7.exd5 exd5 8.Bb5+ Bd7 9.Bxd7+ Nbxd7 10.Re1 O-O 
11.Bg5 d4 12.Ne2 Re8 13.c3 Qb6 14.cxd4 Qxb2 15.Qb1 
Qa3 16.Qb3 Qxb3 17.axb3 h6 18.Bh4 Bf8 19.Bxf6 Nxf6 
20.dxc5 Bxc5 1/2-1/2

[Event "ACL-A083"]
[Site "www.playchess.de"]
[Date "2001.01.31"]
[Round "11"]
[White "iq160"]
[Black "dakini"]
[WhiteElo "1676"]
[BlackElo "1405"]
[PlyCount "63"]
[Result "1/2-1/2"]

1.d4 d5 2.c4 e5 3.dxe5 d4 4.a3 Nc6 5.Nf3 Be6 
6.Nbd2 Nge7 7.b4 Ng6 8.Nb3 Bxc4 9.Nbxd4 Nxd4 
10.Qxd4 Qxd4 11.Nxd4 Nxe5 12.Bf4 Bd6 13.Rc1 b5 
14.Nf5 O-O 15.Nxd6 cxd6 {Einen Zug noch, dann gehe 
ich schlafen. Gute Nacht.}  16.Rd1 {der Gedanke 
ist mir auch grade gekommen}  Rfe8 {Macht gut 
Laune, das Spiel hier.}  17.Bxe5 dxe5 {Guten 
Morgen! Wünsche gut gefrühstückt zu haben :-))}  
18.Rd7 {der kaffee war gut}  a5 {Hier ein kleiner 
Zug, der den Blutdruck ebenfalls etwas heben 
könnte :-))}  19.e3 {oh ich hab Angst}  axb4 {Ich 
bekomme gute Laune ... *schamunzel*}  20.Bxc4 bxc4 
21.axb4 Ra1+ 22.Rd1 Ra2 {Dann will ich sie Dir mal 
etwas nehmen ...}  23.O-O {dann hau mal den 
nalimov endgame-turbo rein}  Rb2 {Was ist denn das 
für ein Teil??}  24.Rd7 {endspiel-engine. Ich 
glaube das ist Remis trotz des Mehrbauern}  Rc8 
{Bis morgen!}  25.Rfd1 h6 26.R7d8+ {zeig dass du 
fortschritte machst und stimm dem remis zu}  Rxd8 
{Ich muß Dich leider enttäuschen, das Ding bringe 
ich nach Hause. Wetten?}  27.Rxd8+ {dafür musst du 
c4 opfern und dann ists remis und mein K hält die 
opposition also wie willst gewinne?}  Kh7 {Zu 
gegebener Zeit biete ich remis an ... Ich habe 
leider Endspielprogramm ...}  28.Kf1 {ich seh kein 
vorteil für schwarz aber ich lern gern dazu}  Rxb4 
29.g3 {mann das ist remis mach feierabend oder 
frag doch kasparov wenn du mir nicht glaubst}  
Rb1+ {Da bist Du mir im Wissen und Erfahrung 
voraus... Werde morgen einen Bekannten mit 
chessprogramm frag}  30.Kg2 {der turm gehört 
HINTER den freibauern dh nach Tc1?ist dein turm 
festgenagelt und dein k weit weg}  Rb2 {Ich bin 
noch nie soweit gekommen ... einpaar Züge müssen 
noch sein sorry}  31.Rc8 {Mensch das ist doch 
albern}  Rc2 {Der Rechner kommt nach einer Unzahl 
von Zügen auf remis. Nichts für ungut. Remis mit 
dem nächsten Zu}  32.Rc7 {da wo mein T steht 
müsste deiner sein und der K am damenflügel dann 
wärs gewonnen}  1/2-1/2

[Event "HCL-C163"]
[Site "www.playchess.de"]
[Date "2001.01.31"]
[Round "7"]
[White "Player"]
[Black "Nutz"]
[WhiteElo "1585"]
[BlackElo "1119"]
[PlyCount "33"]
[Result "1-0"]

1.e4 e5 2.f4 exf4 3.Nf3 Qe7 4.Nc3 d5 5.d3 Nf6 
6.Bxf4 dxe4 7.dxe4 Nxe4 8.Nd5 Qd7 9.Nxc7+ Kd8 
10.Nxa8 Nc6 11.Bb5 Bd6 12.Bxc6 bxc6 13.Bxd6 Nxd6 
14.Ne5 Qf5 15.Qxd6+ Bd7 16.Nxc6+ Kc8 
17.Qc7+ 1-0

[Event "HCL-C042"]
[Site "www.playchess.de"]
[Date "2001.01.31"]
[Round "8"]
[White "Grand-Royale"]
[Black "Shasta"]
[WhiteElo "1000"]
[BlackElo "1000"]
[PlyCount "33"]
[Result "1-0"]

1.e4 d5 2.exd5 Qxd5 3.Nc3 Qe6+ 4.Be2 Nc6 5.Nf3 Qf5 
6.O-O Ne5 7.Nb5 Kd8 8.b3 Bd7 9.Nfd4 Qf4 10.g3 Qf6 
11.Bb2 Bxb5 12.Nxb5 Ng4 13.Bxf6 exf6 14.Bxg4 c6 
15.Qe2 cxb5 16.Rae1 Ne7 17.Qd3+ 1-0

[Event "HCL-C042"]
[Site "www.playchess.de"]
[Date "2001.01.31"]
[Round "10"]
[White "sonnygarcia"]
[Black "Shasta"]
[WhiteElo "823"]
[BlackElo "1000"]
[PlyCount "51"]
[Result "1-0"]

1.e4 e5 2.Nf3 Bd6 3.Bc4 Nf6 4.d4 Nxe4 5.dxe5 Bc5 
6.Bxf7+ Kxf7 7.Qd5+ Ke8 8.Qxe4 Rf8 9.O-O d5 
10.Qxh7 Bf5 11.Qh5+ g6 12.Qg5 Qxg5 13.Nxg5 Bxc2 
14.Nc3 Bd3 15.Ne6 Bxf1 16.Nxf8 Bxf8 17.Kxf1 d4 
18.Nd5 Kd7 19.Bf4 Nc6 20.e6+ Kxe6 21.Nxc7+ Kf5 
22.Nxa8 Kxf4 23.Ke2 Bd6 24.Kd3 Nb4+ 25.Kd2 Kf5 
26.a3 1-0

[Event "HCL-C107"]
[Site "www.playchess.de"]
[Date "2001.01.31"]
[Round "5"]
[White "smsemb"]
[Black "uneek"]
[WhiteElo "1000"]
[BlackElo "1052"]
[PlyCount "47"]
[Result "1-0"]

1.Nf3 Nf6 2.d4 d5 3.e3 Nc6 4.c3 Bf5 5.Bd3 Bxd3 
6.Qxd3 e6 7.Nbd2 Be7 8.O-O O-O 9.Re1 Qd6 10.e4 
dxe4 11.Nxe4 Nxe4 12.Qxe4 Rfe8 13.Bf4 Qd7 14.Rad1 
Bd6 15.Bxd6 cxd6 16.Ng5 g6 17.d5 exd5 18.Qxd5 Re5 
19.Rxe5 Nxe5 20.Qxe5 Re8 21.Qd5 Qe7 22.h3 b6 
23.Nf3 Qe2 24.Re1 1-0

[Event "HCL-C107"]
[Site "www.playchess.de"]
[Date "2001.01.31"]
[Round "16"]
[White "locko"]
[Black "sonnygarcia"]
[WhiteElo "743"]
[BlackElo "1078"]
[PlyCount "38"]
[Result "0-1"]

1.g3 e5 2.e4 Nf6 3.Bg2 Bc5 4.a3 O-O 5.b4 Bb6 6.c3 
c6 7.d4 exd4 8.cxd4 d5 9.f3 Re8 10.Nc3 dxe4 
11.fxe4 Bxd4 12.Nce2 Bxa1 13.Bd2 Bd4 14.Nf3 Bb6 
15.a4 Nxe4 16.Nfd4 Bxd4 17.Nxd4 Nc3+ 18.Kf2 Nxd1+ 
19.Rxd1 Qxd4+ 0-1

[Event "HCL-C107"]
[Site "www.playchess.de"]
[Date "2001.01.31"]
[Round "19"]
[White "smsemb"]
[Black "locko"]
[WhiteElo "1000"]
[BlackElo "743"]
[PlyCount "43"]
[Result "1-0"]

1.Nf3 b6 2.d4 d5 3.e3 c6 4.Bd3 e6 5.O-O Bd6 6.Nbd2 
g5 7.e4 f5 8.exf5 exf5 9.Re1+ Ne7 10.Nxg5 Qd7 
11.Qh5+ Kd8 12.Nf7+ Kc7 13.Nxh8 c5 14.Nf7 Qe8 
15.Qxh7 cxd4 16.Nxd6 Qd7 17.Rxe7 Nc6 18.Rxd7+ Bxd7 
19.Nb5+ Kd8 20.Bxf5 Bxf5 21.Qxf5 a6 
22.Qxd5+ 1-0

[Event "HCL-C107"]
[Site "www.playchess.de"]
[Date "2001.01.31"]
[Round "22"]
[White "sonnygarcia"]
[Black "whoopingfunst"]
[WhiteElo "1078"]
[BlackElo "1000"]
[PlyCount "26"]
[Result "1-0"]

1.e4 c5 2.c3 Nf6 3.e5 Nd5 4.Nf3 e6 5.Bc4 Nb6 6.Bb3 
c4 7.Bc2 Nc6 8.O-O d5 9.exd6 e.p 10.Bxd6 d4 11.O-O 
Ng5 12.h6 Qh5 13.g6 Qxh6 1-0

[Event "HCL-C107"]
[Site "www.playchess.de"]
[Date "2001.01.31"]
[Round "23"]
[White "whoopingfunst"]
[Black "uneek"]
[WhiteElo "1000"]
[BlackElo "1052"]
[PlyCount "46"]
[Result "0-1"]

1.e4 c5 2.Nf3 e6 3.d4 cxd4 4.Nxd4 a6 5.Nc3 Nc6 
6.Nxc6 bxc6 7.a3 d5 8.e5 f6 9.f4 Qc7 10.Qh5+ g6 
11.Qf3 fxe5 12.fxe5 Qxe5+ 13.Be2 Bd6 14.b4 Qg7 
15.Bb2 Be5 16.O-O Ne7 17.Rab1 Rf8 18.Qd3 Kd7 
19.Rxf8 Qxf8 20.Na4 Bc7 21.Rf1 Nf5 22.g4 Qd6 
23.gxf5 Qxh2+ 0-1

[Event "HCL-C107"]
[Site "www.playchess.de"]
[Date "2001.01.31"]
[Round "25"]
[White "whoopingfunst"]
[Black "smsemb"]
[WhiteElo "1000"]
[BlackElo "1000"]
[PlyCount "40"]
[Result "0-1"]

1.e4 Nf6 2.e5 Nd5 3.c4 Nb6 4.Nf3 d6 5.exd6 cxd6 
6.Nc3 g6 7.d4 Bg7 8.Be2 O-O 9.c5 dxc5 10.dxc5 
Qxd1+ 11.Bxd1 N6d7 12.Ne4 Na6 13.Be3 Bxb2 14.Rb1 
Bg7 15.Ba4 Nf6 16.c6 Nxe4 17.cxb7 Bxb7 18.Rxb7 
Nec5 19.Bxc5 Nxc5 20.Rb4 Nd3+ 0-1

[Event "ACL-A053"]
[Site "www.playchess.de"]
[Date "2001.01.31"]
[Round "2"]
[White "Smutje"]
[Black "hun"]
[WhiteElo "1500"]
[BlackElo "1605"]
[PlyCount "28"]
[Result "0-1"]

1.e4 Nf6 2.e5 Nd5 3.Qf3 e6 4.Nc3 Nxc3 5.dxc3 Nc6 
6.h4 Nxe5 7.Qe3 Bd6 8.f4 Ng6 9.h5 Nxf4 10.Qg3 Nxh5 
11.Rxh5 Bxg3+ 12.Kd1 Qf6 13.Bd2 Qxf1+ 14.Be1 
Qxe1+ 0-1

[Event "ACL-A053"]
[Site "www.playchess.de"]
[Date "2001.01.31"]
[Round "8"]
[White "player27"]
[Black "Goofy"]
[WhiteElo "1619"]
[BlackElo "1695"]
[PlyCount "89"]
[Result "1-0"]

1.e4 c5 2.Nf3 e6 3.d4 cxd4 4.Nxd4 Nf6 5.Nc3 Bb4 
6.e5 Nd5 7.Qg4 O-O 8.Bh6 g6 9.Bxf8 Qxf8 10.Nde2 
Nc6 11.Qg3 Qc5 12.O-O-O Nxc3 13.Nxc3 Bxc3 14.Qxc3 
Qxc3 15.bxc3 Nxe5 16.Be2 Kf8 17.f4 Nc6 18.Bf3 Ke7 
19.Bxc6 bxc6 20.Kd2 Rb8 21.Rdb1 Rb5 22.Rxb5 cxb5 
23.Rb1 a6 24.g4 f6 25.a4 bxa4 26.c4 d5 27.cxd5 
exd5 28.g5 fxg5 29.fxg5 Ke6 30.Rb8 Bd7 31.Rb6+ Kf5 
32.Rd6 Be6 33.Rxa6 Bd7 34.Ra5 Bc6 35.c4 Kxg5 
36.cxd5 Be8 37.Ra7 Kf6 38.d6 Bc6 39.Rxh7 Ke6 
40.Rg7 Kxd6 41.Rxg6+ Kd5 42.h4 Be8 43.Rg8 Bf7 
44.Ra8 Ke4 45.Ra5 1-0

[Event "ACL-A053"]
[Site "www.playchess.de"]
[Date "2001.01.31"]
[Round "9"]
[White "Goofy"]
[Black "Smutje"]
[WhiteElo "1695"]
[BlackElo "1500"]
[PlyCount "29"]
[Result "1-0"]

1.d4 d5 2.Nf3 e6 3.c4 dxc4 4.Nc3 Nc6 5.e4 a5 
6.Bxc4 h5 7.Bg5 f6 8.Be3 Rb8 9.Bb5 h4 10.h3 Rh5 
11.Ne5 fxe5 12.Qxh5+ Kd7 13.O-O-O Ke7 14.dxe5 Bd7 
15.Bc5+ 1-0

[Event "ACL-A053"]
[Site "www.playchess.de"]
[Date "2001.01.31"]
[Round "11"]
[White "hun"]
[Black "Schwachspieler"]
[WhiteElo "1605"]
[BlackElo "1690"]
[PlyCount "37"]
[Result "1-0"]

1.e4 e5 2.Nc3 Nf6 3.Nf3 d6 4.d4 Nbd7 5.Bc4 Be7 
6.O-O O-O 7.Be3 Ng4 8.Bd2 exd4 9.Nxd4 Bf6 10.Ne6 
Nxf2 11.Rxf2 fxe6 12.Bxe6+ Kh8 13.Qe2 Bd4 14.Be3 
Rxf2 15.Bxf2 Bxc3 16.bxc3 Qf6 17.Bxd7 Bxd7 18.Bd4 
Qe6 19.c4 1-0

[Event "ACL-A053"]
[Site "www.playchess.de"]
[Date "2001.01.31"]
[Round "12"]
[White "Schwachspieler"]
[Black "player27"]
[WhiteElo "1690"]
[BlackElo "1619"]
[PlyCount "40"]
[Result "0-1"]

1.e4 e5 2.Nf3 Nc6 3.Bb5 Nf6 4.O-O Bc5 5.Nc3 O-O 
6.Nxe5 Nxe5 7.d4 Bd6 8.dxe5 Bxe5 9.Re1 c6 10.Bd3 
Re8 11.Bd2 b5 12.h3 a5 13.a3 h6 14.Qf3 Bb7 15.Bf4 
Qe7 16.Bxe5 Qxe5 17.Re3 d6 18.Rae1 Re6 19.Qf5 Rae8 
20.Qxe5 dxe5 0-1

[Event "ACL-A053"]
[Site "www.playchess.de"]
[Date "2001.01.31"]
[Round "14"]
[White "Schwachspieler"]
[Black "traga"]
[WhiteElo "1690"]
[BlackElo "1900"]
[PlyCount "26"]
[Result "0-1"]

1.e4 e5 2.Nf3 Nf6 3.Nxe5 Qe7 4.Nf3 Nxe4 5.Qe2 d5 
6.d3 Nf6 7.Bg5 Be6 8.d4 Nc6 9.Nc3 O-O-O 10.O-O-O 
h6 11.Be3 Ne4 12.Qe1 f6 13.a3 g5 0-1